LEADER 04290oas 2201273 a 450 001 9910626140703321 005 20260127110857.0 011 $a1557-9972 035 $a(DE-599)ZDB2070854-3 035 $a(OCoLC)44466312 035 $a(CONSER) 2005215203 035 $a(CKB)954925625322 035 $a(DE-599)2070854-3 035 $a(EXLCZ)99954925625322 100 $a20000623b19992010 sy a 101 0 $aeng 135 $aurcn||||||||| 181 $ctxt$2rdacontent 182 $cc$2rdamedia 183 $acr$2rdacarrier 200 10$aIEEE transactions on components and packaging technologies $ea publication of the IEEE Components, Packaging, and Manufacturing Technology Society 210 $aNew York, NY $cInstitute of Electrical and Electronics Engineers$dİ1999-2010 300 $aRefereed/Peer-reviewed 300 $aTitle from IEEExplore homepage (viewed June 23, 2000). 311 08$a1521-3331 517 3 $aTransactions on components and packaging technologies 517 3 $aComponents and packaging technologies 517 3 $aInstitute of Electrical and Electronics Engineers transactions on components and packaging technologies 517 1 $aComponents and packaging technologies, IEEE transactions on 531 0 $aIEEE trans. compon. packag. technol. 606 $aElectronic apparatus and appliances$vPeriodicals 606 $aElectric apparatus and appliances$vPeriodicals 606 $aElectronic industries$vPeriodicals 606 $aElectric industries$vPeriodicals 606 $aAppareils e?lectroniques$xPe?riodiques 606 $aAppareils e?lectriques$xPe?riodiques 606 $aIndustries e?lectroniques$xPe?riodiques 606 $aIndustries e?lectriques$xPe?riodiques 606 $aAppareils e?lectriques$vPe?riodiques 606 $aIndustries e?lectroniques$vPe?riodiques 606 $aIndustries e?lectriques$vPe?riodiques 606 $aElectric apparatus and appliances$2fast$3(OCoLC)fst00904405 606 $aElectric industries$2fast$3(OCoLC)fst00904915 606 $aElectronic apparatus and appliances$2fast$3(OCoLC)fst00906772 606 $aElectronic industries$2fast$3(OCoLC)fst00907240 606 $aElektronik$2gnd 606 $aFertigungstechnik$2gnd 606 $aZeitschrift$2gnd 606 $aWerkstoff$2gnd 606 $aElektrotechnik$2gnd 606 $aElektronisches Bauelement$2gnd 608 $aPeriodicals.$2fast 608 $aPeriodicals.$2lcgft 615 0$aElectronic apparatus and appliances 615 0$aElectric apparatus and appliances 615 0$aElectronic industries 615 0$aElectric industries 615 6$aAppareils e?lectroniques$xPe?riodiques. 615 6$aAppareils e?lectriques$xPe?riodiques. 615 6$aIndustries e?lectroniques$xPe?riodiques. 615 6$aIndustries e?lectriques$xPe?riodiques. 615 6$aAppareils e?lectriques 615 6$aIndustries e?lectroniques 615 6$aIndustries e?lectriques 615 7$aElectric apparatus and appliances. 615 7$aElectric industries. 615 7$aElectronic apparatus and appliances. 615 7$aElectronic industries. 615 7$aElektronik 615 7$aFertigungstechnik 615 7$aZeitschrift. 615 7$aWerkstoff 615 7$aElektrotechnik 615 7$aElektronisches Bauelement 676 $a621.3 712 02$aInstitute of Electrical and Electronics Engineers 712 02$aComponents, Packaging & Manufacturing Technology Society, 801 0$bNTD 801 1$bNTD 801 2$bOCLCQ 801 2$bNSD 801 2$bOCLCS 801 2$bU9S 801 2$bOCLCQ 801 2$bHNK 801 2$bUKMGB 801 2$bDLC 801 2$bOCLCQ 801 2$bUMC 801 2$bOCLCO 801 2$bOCLCF 801 2$bOCLCO 801 2$bOCLCQ 801 2$bDEFHM 801 2$bOCLCO 801 2$bOCLCA 801 2$bAU@ 801 2$bNJT 801 2$bOCLCA 801 2$bOCLCO 801 2$bOCLCQ 801 2$bU3W 801 2$bOCLCQ 801 2$bOCLCL 801 2$bOCLCQ 906 $aJOURNAL 912 $a9910626140703321 996 $aIEEE transactions on components and packaging technologies$92425722 997 $aUNINA